Meest gezochte steden op Wikipedia - Statistieken

Algemene statistieken
  • Deze quiz is 4.290 keer genomen
    3.788 sinds de laatste reset
  • De gemiddelde score is 13 van 30
Antwoordstatistieken
Rang Continent Bekeken Stad % Correct
1 Noord-Amerika 96 New York
96%
8 Europa 44 Parijs
92%
18 Europa 28 Amsterdam
86%
3 Europa 77 Londen
85%
24 Europa 27 Berlijn
82%
15 Azië 32 Tokio
81%
12 Europa 33 Rome
77%
5 Noord-Amerika 53 Los Angeles
67%
7 Noord-Amerika 47 Washington D.C.
67%
21 Europa 27 Barcelona
64%
4 Azië 62 Hongkong
44%
9 Noord-Amerika 44 Chicago
39%
13 Noord-Amerika 33 Toronto
36%
23 Europa/Azië 27 Istanboel
35%
2 Azië 80 Singapore
34%
11 Noord-Amerika 37 San Francisco
30%
28 Azië 25 Shanghai
28%
6 Azië 51 Dubai
27%
10 Azië 38 Mumbai
25%
26 Noord-Amerika 26 Vancouver
25%
19 Noord-Amerika 28 Boston
23%
29 Noord-Amerika 24 Montreal
20%
20 Azië 28 Jeruzalem
18%
22 Noord-Amerika 27 Seattle
16%
25 Europa 26 Vaticaanstad
16%
14 Europa 33 Monaco
15%
30 Europa 24 Venetië
14%
16 Noord-Amerika 31 Philadelphia
12%
17 Zuid-Amerika 30 Machu Picchu
4%
27 Europa 25 Pompeii
3%
Geen overeenkomende quizzen gevonden
Scoreverdeling
Procent van Mensen met Elke Score
Percentiel versus Aantal Correcte Antwoorden
Uw Scoregeschiedenis
U heeft deze quiz nog niet genomen sinds de laatste reset